Junín : (Registro nro. 2245)

000 -CABECERA
campo de control de longitud fija 00816nam a2200205 4500
005 - FECHA Y HORA DE LA ÚLTIMA TRANSACCIÓN
campo de control 20210818221707.0
008 - DATOS DE LONGITUD FIJA--INFORMACIÓN GENERAL
campo de control de longitud fija 210818s1996 pe a|||fr|||| 001 0 spa d
040 ## - FUENTE DE LA CATALOGACIÓN
Centro catalogador/agencia de origen CENDOC CAAAP
Lengua de catalogación spa
Centro/agencia transcriptor CAAAP
041 ## - CÓDIGO DE LENGUA
Código de lengua del texto/banda sonora o título independiente spa
050 ## - SIGNATURA TOPOGRÁFICA DE LA BIBLIOTECA DEL CONGRESO
Número de clasificación HA 1069.DJ
Número de documento/Ítem P45
245 ## - MENCIÓN DE TÍTULO
Título Junín :
Subtitulo compendio estadístico departamental 1995-96
250 ## - MENCIÓN DE EDICIÓN
Mención de edición 1ra ed.
260 ## - PUBLICACIÓN, DISTRIBUCIÓN, ETC.
Lugar de publicación, distribución, etc. Lima:
Nombre del editor, distribuidor, etc. INEI,
Fecha de publicación, distribución, etc. 1996
300 ## - DESCRIPCIÓN FÍSICA
Extensión 255 p.:
Otras características físicas gráficas ;
Dimensiones 29 cm.
505 ## - NOTA DE CONTENIDO CON FORMATO
Nota de contenido con formato Contiene : Geografía y territorio -- Población y demografía -- Educación y cultura -- Salud -- Vivienda Trabajo -- Interior -- Justicia -- Agropecuario --Pesca -- Minería y petróleo --Manufactura --Electricidad y agua.
650 10 - PUNTO DE ACCESO ADICIONAL DE MATERIA--TÉRMINO DE MATERIA
9 (RLIN) 3282
Término de materia o nombre geográfico como elemento de entrada Estadísticas
650 20 - PUNTO DE ACCESO ADICIONAL DE MATERIA--TÉRMINO DE MATERIA
9 (RLIN) 1407
Término de materia o nombre geográfico como elemento de entrada Censos
651 #0 - PUNTO DE ACCESO ADICIONAL DE MATERIA--NOMBRE GEOGRÁFICO
9 (RLIN) 2775
Nombre geográfico Junín (Región: Perú)
Subdivisión general Condiciones sociales
942 ## - ELEMENTOS PERSONALIZADOS KOHA
Fuente del sistema de clasificación o colocación
Fecha de catalogación 19 - 08 - 21
Tipo de ítem Koha Libros
Existencias
Fuente del sistema de clasificación o colocación Localización permanente Ubicación/localización actual Fecha de adquisición Número de inventario Total de préstamos Signatura LC Fecha visto por última vez Tipo de ítem Koha
  CENTRO DE DOCUMENTACIÓN (CENDOC) CENTRO DE DOCUMENTACIÓN (CENDOC) 08/18/2021 002197   HA 1069.DJ | P45 08/18/2021 Libros
Centro de Documentación CAAAP | AV. Manuel González Prada 626, Magdalena del Mar | (51-1) 4615223 Anexo 205 y 209 | cendoc@caaap.org.pe